000 00269nam a2200109Ia 4500
008 190216s9999||||xx |||||||||||||| ||und||
100 _aPasad Nl &sane Vs
245 0 _aCost Accounting
260 _bPrentice Hall Of India Pvt Ltd
_c1979
300 _a264p
942 _cBK
999 _c4592
_d4592